02515nam a2200349Ia 450000500170000000800410001704000530005804100080011104100080011924500630012724600310019026000750022130000460029650006670034250100210100950802980103051101610132852000420148954600830153160000520161465000200166665000710168665000560175765100230181365100490183670000360188571000270192171000320194871000150198076500250199585601450202020140808163725.0130821s1997 xxu g q mlmul d aCO-BoUCMbspacOscar Anaya (modificó)d[Nuevo] aeng afre00aSeven Years in TibetcJean-Jacques Annaud, directorh[DVD]13aSiete años en el Tíbet aCulver City (California, Estados Unidos)bMandalay Entertainmentc1997 a1 DVD, 136 minutosbimagen, sonido, color aSINOPSIS : Basada en un hecho real, Siete Años en el Tíbet narra la aventura de Heinrich Harrer, un alpinista austríaco que en otoño de 1939 inició una expedición para escalar el Everest. Su intento se truncó por el estallido de la Segunda Guerra Mundial, y fue confinado a un campo de concentración inglés en la India junto con su compañero Peter Aufshnaiter. Los dos alpinistas consiguieron escapar, y en su huida encontraron refugio en la sagrada tierra del Tíbet, un lugar prohibido para los extranjeros. Allí Harrer entabló una profunda amistad con el actual Dalai Lama, un niño por entonces, y se contagió de su espiritualidad aContiene folleto aCRÉDITOS: Dirigida y producida por Jean-Jacques Annaud ; guion por Becky Johnston ; música por John Williams ; fotografía por Robert Fraisse ; diseño de producción por At Hoang ; dirección de arte por Claude Paré ; ambientación por Jim Erickson ; vestuario por Enrico Sabbatini0 aREPARTO: Brad Pitt, David Thewlis, BD Wong, Mako, Danny Denzongpa, Victor Wong, Ingeborga Dapkunaite, Jamyang Jamtsho Wangchuk, Lhakpa Tsamchoe, Jetsun Pema aBasada en el libro de Heinrich Harrer aAudio en inglés y francés. Subtítulos en inglés, español y francés1 aHarrer, Heinrichd1912-2006vRelatos personales04aEntretenimiento04aExpediciones científicasvRelatos personaleszTibet (China)vDVD04aPelículas cinematográficaszEstados UnidosvDVD 7aTibet (China)vDVD 7aTibet (China)xVida social y costumbresvDVD1 aAnnaud, Jean-Jacques edirector2 aMandalay Entertainment2 aReperage and Vanguard Films2 aApplecross0 aSeven Years in Tibet40uhttp://www.youtube.com/watch?v=yg_FE77JudUzSiga este enlace para ver el trailerzTrailer tomado del canal AgelessTrailers vía YouTube.com